000 02481nam a22002657a 4500
001 216218866
003 UA-OsUOA
005 20210101173904.0
008 200718b un ||||| m||| 00| 0 ukr d
040 _aUA-OsUOA
_bukr
_cUA-OsUOA
_dUA-OsUOA
041 _aukr
080 _a94(470)"18/19"
090 _a94(470)"18/19"
095 _a07.00.02
_bвсесвітня історія
100 _aІванова В. О.
245 _aВійськова, науково-публіцистична та громадська діяльність М. I. Драгомирова (1830–1905)
_cІванова Віра Олексіївна ; наук. керівник Бережна Світлана Вікторівна
260 _aТернопіль
_c2014
300 _a15 с.
502 _6Автореферат дисертації на здобуття наукового ступеня кандидата історичних наук
_cТернопільський національний педагогічний університет імені Володимира Гнатюка
_d2014
520 _aУ дисертації вперше всебічно і комплексно досліджено військову, громадську та науково-публіцистичну діяльність М. Драгомирова в контексті суспільно-політичних процесів у Російській імперії другої половини XIX – початку XX ст. Простежено процес світоглядного та професійного становлення генерала; з’ясовано роль М. Драгомирова у розбудові військової школи другої половини XIX ст.; вивчено його участь у військових конфліктах Російської імперії; визначено внесок генерала у процес реформування армії; розглянуто здобутки М. Драгомирова як громадського діяча; подано характеристику його науково-публіцистичного доробку.
650 _2UDC
_a94 Історія
942 _2udc
_cAR
955 _a1
999 _c460759
_d460759